000 00329nam a22001337a 4500
008 260429b |||||||| |||| 00| 0 eng d
020 _a978-9364447676
082 _a002028
100 _aLaxmikanth, M
245 _aIndian Polity Courseware (English), 8e
260 _aChennai
_bMcGraw Hill
_c2025
300 _a820p
942 _2ddc
999 _c1338
_d1338